000 00866nam a2200241Ia 4500
008 191130s2001##################000#0#eng##
020 _a9780471521655
022 _a2001024348
040 _aACL
_cACL
082 _a332.6 DUN
245 _aDevelopments in forecast combination and portfolio choice
_cedited by Christian Dunis, Allan Timmermann and John Moody
260 _aHoboken, N.J
_bWiley
_c2001
300 _axxvi, 315 p. : ill. ; 26 cm
500 _aSelected proceedings from a conference held in London in June 2000. Includes bibliographical references and index
650 _aInvestment analysis - Congresses
650 _aPortfolio management - Congresses
700 _aDunis, Christian
700 _aMoody, John
700 _aTimmermann, Allan
990 _a52aa9f38ac10000c0aa37209e6d8002f
991 _a169645
999 _c148728
_d148728